All Chloe x Halle Songs - Statistics

General Stats
  • This quiz has been taken 81 times
    74 since last reset
  • The average score is 25 of 62
Answer Stats
Album Song % Correct
Ungodly Hour Do It
94%
Ungodly Hour Ungodly Hour
85%
Ungodly Hour Forgive Me
77%
Ungodly Hour Tipsy
77%
Ungodly Hour Wonder What She Thinks of Me
77%
Ungodly Hour Busy Boy
72%
The Kids Are Alright The Kids Are Alright
72%
Ungodly Hour Don't Make It Harder on Me
68%
Ungodly Hour Intro
68%
Ungodly Hour ROYL
66%
Ungodly Hour Baby Girl
64%
Ungodly Hour 80/20
62%
The Kids Are Alright Grown
62%
The Kids Are Alright Happy Without Me
57%
Ungodly Hour Hazy
57%
Ungodly Hour Catch Up
55%
Ungodly Hour Lonely
55%
The Kids Are Alright Cool People
49%
Ungodly Hour Overwhelmed
49%
The Kids Are Alright Down
47%
The Kids Are Alright Everywhere
47%
The Kids Are Alright Warrior
47%
Sugar Symphony Fall
45%
The Kids Are Alright Fall
45%
Sugar Symphony Drop
43%
The Kids Are Alright Drop
43%
The Kids Are Alright If God Spoke
36%
The Kids Are Alright Babybird
34%
The Kids Are Alright Hi Lo
34%
The Kids Are Alright Baby on a Plane
32%
The Kids Are Alright Fake
32%
Single #3 Thinkin Bout Me
32%
Single #2 Who Knew
32%
The Two of Us Used to Love
30%
The Kids Are Alright FaLaLa (Interlude)
28%
The Kids Are Alright Galaxy
28%
The Kids Are Alright Hello Friend (Intro)
28%
The Kids Are Alright Baptize (Interlude)
26%
The Two of Us Poppy Flower
26%
Sugar Symphony Red Lights
26%
The Two of Us Simple
26%
Sugar Symphony Thunder
26%
The Two of Us Chase
25%
Single I Say So
25%
The Two of Us Partna
25%
The Two of Us Too Much Sauce
25%
The Two of Us Tra Ta Ta
25%
The Two of Us Upset Stomach
25%
The Two of Us Worries
25%
The Two of Us All I Ever Wanted
23%
Uncovered Applause
23%
Sugar Symphony Lazy Love
23%
The Two of Us Lucky Leaf
23%
The Two of Us Mistake
23%
The Two of Us Up All Night
23%
The Two of Us DumDumDum
21%
The Two of Us Lulla-Bye
21%
Uncovered Roar
21%
Uncovered We Can't Stop
21%
Uncovered Wrecking Ball
21%
The Two of Us Simple Intro
13%
The Two of Us I See the Future
11%
No matching quizzes found
Score Distribution
Percent of People with Each Score
Percentile by Number Answered
Your Score History
You have not taken this quiz since the last reset